000 00479nam a2200193Ia 4500
001 14899
003 GE_BSU
008 181216s||||||||xx |||||||||||||| ||und||
040 _cGE_BSU
080 _a517.929.4
100 _aБарбашин,Е.А.
245 _aФункции Ляпунова
245 _cРед.И.Е.Морозова
260 _aМосква
260 _c1970
300 _a239стр.20см.
653 _aФункции Ляпунова
942 _cBK
999 _c48019
_d48019